| 000 | 00377nab a22001097u 4500 | ||
|---|---|---|---|
| 008 | 130520b1993 xxu||||| |||| 00| 0 fre d | ||
| 041 | _afre | ||
| 100 | 1 |
_aMorelle, Aquilino _953457 |
|
| 245 | 0 | 0 |
_aL'institution médicale en question. Retour sur l'affaire du sang contaminé _cAquilino Morelle |
| 773 | 0 |
_tEspirit et Vie _gnº195,1993,págs. 5-52 _x0014-0775 _wRev184 |
|
| 942 | _cAR | ||
| 999 |
_c309282 _d309282 |
||